| 000 | 00996nam a2200301 a 4500 | ||
|---|---|---|---|
| 001 | 6087 | ||
| 003 | BD-RjUL | ||
| 005 | 20211208234201.0 | ||
| 008 | 160829s1969 caua b 001 0 eng | ||
| 020 | _a0201001500 | ||
| 035 | _a(BD-RjUL)6126 | ||
| 040 |
_aDLC _cDLC _dDLC _dBD-RjUL _beng |
||
| 041 | _aeng | ||
| 082 | 0 | 0 |
_a005.13 _bALC 1969 |
| 100 | 1 |
_aAlbrecht, Bob, _d1930- _919154 |
|
| 245 | 1 | 0 |
_aComputer methods in mathematics / _cRobert L. Albrecht, Eric Lindberg and Walter Mara. |
| 260 |
_aMenlo Park, Calif. : _bAddison-Wesley Pub. Co. , _cc1969 |
||
| 300 |
_a204 p. : _bill. ; _c28 cm. |
||
| 504 | _aBibliography: p. 202. and index. | ||
| 650 | 0 |
_aProgramming languages (Electronic computers) _91026 |
|
| 650 | 0 |
_aComputers _9165788 |
|
| 650 | 0 |
_aMathematics _xData processing _9165789 |
|
| 650 | 0 |
_aComputer programming _9138757 |
|
| 700 | 1 |
_aLindberg, Eric, _ejoint author. _919156 |
|
| 700 | 1 |
_aMara, Walter, _ejoint author. _919157 |
|
| 942 |
_2ddc _cBK |
||
| 999 |
_c6087 _d6087 |
||